000 00658cam a2200181 a 4500
020 _a084429375X (pbk)
040 _cDLC
082 0 0 _a407 NAT 1999 A022 Or.
245 0 0 _aForeign language standards :
_blinking research, theories, and practices /
260 _aLincolnwood, Ill. :
_bNational Textbook Co. in conjunction with the American Council on the Teaching of Foreign Languages,
_cc1999.
300 _av, 266 p. ;
_c23 cm.
650 0 _aLanguage and languages
650 0 _aIntercultural communication
700 1 _aPhillips, June K.
700 1 _aTerry, Robert M.
710 2 _aAmerican Council on the Teaching of Foreign Languages.
942 _cEK
999 _c12265
_d12265